000 00954nam a22002417a 4500
005 20130613112841.0
008 090728t xxu||||| |||| 00| 0 pun d
010 _aPUN-7450 B-493899-903
020 _c175.00
_a81876540000X
035 _aPN-6568 B-493899-903
037 _bDBAD / PUB/Manpreet Prakashan
037 _bBPPD/KKP
040 _adpl
_bPN
082 _a851
100 _937323
_aਇਕ਼ਬਾਲ ਦੀਪ
245 _aਬਿੰਦ /
_cਇਕ਼ਬਾਲ ਦੀਪ
246 _aBind
_bby Iqbal Deep
260 _aDelhi
_bManpreet Prakashan
_c2012
270 _b16/16,1st Floor,Geeta Colony
_aDelhi
_k9312271252
_e110031
_mmanpreet1948@gmail.com
300 _a96ਪਂ;
_b17ਸੇਂਮੀ(ਸਜਿਲਦ)
942 _2ddc
_cPN
_h851
_mਇਕ਼ਬਾ
999 _c71162
_d71162